| 000 | 01681nam a2200421Ia 4500 | ||
|---|---|---|---|
| 001 | ebr10236056 | ||
| 003 | CaPaEBR | ||
| 006 | m u | ||
| 007 | cr cn||||||||| | ||
| 008 | 070906s2008 dcua s i100 0 fre d | ||
| 010 | _z 2007242239 | ||
| 020 | _z9780821374306 | ||
| 020 | _z9780821374313 | ||
| 040 |
_aCaPaEBR _cCaPaEBR |
||
| 035 | _a(OCoLC)560499983 | ||
| 050 | 1 | 4 |
_aHC59.3 _b.L58 2008eb |
| 245 | 0 | 4 |
_aThe little data book on private sector development. _n2008 _h[electronic resource]. |
| 246 | 3 | 0 | _aPrivate sector development |
| 260 |
_aWashington, D.C. : _bWorld Bank, _cc2008. |
||
| 300 |
_avi, 232 p. : _bill. |
||
| 490 | 0 |
_aThe little data book on private sector development ; _v2008 |
|
| 533 |
_aElectronic reproduction. _bPalo Alto, Calif. : _cebrary, _d2009. _nAvailable via World Wide Web. _nAccess may be limited to ebrary affiliated libraries. |
||
| 580 | _aBased on information in: World development indicators. | ||
| 650 | 0 |
_aEconomic history _y21st century _vStatistics. |
|
| 650 | 0 |
_aEconomic development _vStatistics. |
|
| 650 | 0 |
_aPrivate companies _vStatistics. |
|
| 650 | 0 |
_aFinance _vStatistics. |
|
| 650 | 0 |
_aInfrastructure (Economics) _vStatistics. |
|
| 650 | 0 |
_aIndustrial policy _vStatistics. |
|
| 650 | 0 | _aEconomic indicators. | |
| 655 | 7 |
_aElectronic books. _2local |
|
| 710 | 2 | _aWorld Bank. | |
| 710 | 2 |
_aWorld Bank. _bDevelopment Data Group. |
|
| 710 | 2 |
_aWorld Bank Group. _bSmall and Medium Enterprise Dept. |
|
| 710 | 2 | _aebrary, Inc. | |
| 730 | 0 | _aWorld development indicators. | |
| 856 | 4 | 0 |
_uhttp://site.ebrary.com/lib/rucke/Doc?id=10236056 _zAn electronic book accessible through the World Wide Web; click to view |
| 999 |
_c36993 _d36993 |
||